000 00661nam a22001937a 4500
999 _c2087
_d2087
003 AR-CdUCM
008 190301b ||||| |||| 00| 0 spa d
040 _aMUNICIPALIDAD PROVINCIAL DEL CUSCO
_cBIBLIOTECA MUNICIPAL DEL CUSCO
082 _a880.8 /
_bEU94
100 _aEurípides
_9680
245 _aTragedias /
260 _aMéxico :
_bEditora Nacional ;
_c1974.
300 _a433 páginas ;
_bilustraciones
_c17cm
440 _aColección Económica Libros de Bolsillo
_n9
_97548
505 _aContenido: Medea -- Hipólito -- Las Troyanas -- Las Bacantes -- Ifigenia en Aulide...
650 _aTeatro Griego
_97549
942 _2ddc
_cLIBROS
945 _anom